De Carlos Marx a Mao Tse-Tung : introducción crítica al marxismoleninismo /

Gorde:
Xehetasun bibliografikoak
Egile nagusia: Chambre, Henri (autor)
Formatua: Liburua
Hizkuntza:gaztelania
Argitaratua: Madrid, España : Tecnos, 1965, c1965
Etiketak: Etiketa erantsi
Etiketarik gabe, Izan zaitez lehena erregistro honi etiketa jartzen!

MARC

LEADER 00000nam^a2200000^a^4500
001 000564453
005 20250521000000.0
009 20260310132026.762
037 |a Acervo ITESO - Biblioteca 
041 |a ESP 
091 |a FGM. 02335 
100 |a Chambre, Henri  |e (autor) 
245 1 0 |a De Carlos Marx a Mao Tse-Tung :  |b introducción crítica al marxismoleninismo / 
264 4 |a Madrid, España :  |b Tecnos,  |c 1965, c1965 
300 |a 268 p. 
336 |a texto  |b txt  |2 rdacontenido 
337 |a sin mediación  |b n  |2 rdamedio 
338 |a volumen  |b nc  |2 rdasoporte 
649 |a XX 
910 |a Fondo Efraín González Morfín 
920 |a Impresos - Libros 
930 |a Fondos Especiales 
905 |a 130 
901 |a 0500385607  |b IT2  |c ESL  |i D89612  |u 20250521 
902 |a https://opac.biblio.iteso.mx/vufind/Record/000564453